Les communes desservies par le métro parisien en juin 2024 - Statistiques

Statistiques générales
  • Ce quiz a été pris 54 fois
  • Le résultat moyen est 44 sur 57
Statistiques - réponses
Hint Réponse % Correct
Paris 10 {2e} arrondissement
95%
Paris 9 {3e} arrondissement
93%
Paris 8 {4e} arrondissement
93%
Paris 8 {5e} arrondissement
93%
Paris 19 {8e} arrondissement
93%
Hauts-de-Seine 5 B Boulogne-Billancourt
93%
Seine-Saint-Denis 6 S Saint-Denis
93%
Paris 17 {10e} arrondissement
91%
Paris 25 {11e} arrondissement
91%
Paris 19 {12e} arrondissement
91%
Paris 17 {13e} arrondissement
91%
Paris 13 {14e} arrondissement
91%
Paris 22 {15e} arrondissement
91%
Paris 23 {16e} arrondissement
91%
Paris 19 {17e} arrondissement
91%
Paris 18 {18e} arrondissement
91%
Paris 21 {19e} arrondissement
91%
Paris 10 ex : 1er / 3e... {1er} arrondissement
91%
Paris 19 {20e} arrondissement
91%
Paris 13 {6e} arrondissement
91%
Paris 12 {7e} arrondissement
91%
Paris 19 {9e} arrondissement
91%
Seine-Saint-Denis 5 A Aubervilliers
88%
Val-de-Marne 4 C Créteil
88%
Hauts-de-Seine 3 M Montrouge
88%
Hauts-de-Seine 2 C Clichy
86%
Hauts-de-Seine 2 I Issy-les-Moulineaux
86%
Val-de-Marne 1 V Vincennes
86%
Val-de-Marne 2 I Ivry-sur-Seine
81%
Hauts-de-Seine 3 L Levallois-Perret
81%
Seine-Saint-Denis 5 M Montreuil
81%
Seine-Saint-Denis 2 L Les Lilas
79%
Hauts-de-Seine 2 M Malakoff
77%
Hauts-de-Seine 2 N Neuilly-sur-Seine
77%
Val-de-Marne 3 V Villejuif
77%
Seine-Saint-Denis 2 B Bobigny
74%
Seine-Saint-Denis 3 P Pantin
74%
Val-de-Marne 2 C Charenton-le-Pont
72%
Val-de-Marne 3 M Maisons-Alfort
70%
Hauts-de-Seine 3 A Asnières-sur-Seine
67%
Hauts-de-Seine 1 C Courbevoie
67%
Hauts-de-Seine 3 G Gennevilliers
67%
Hauts-de-Seine 2 P Puteaux
67%
Seine-Saint-Denis 1 L La Courneuve
65%
Hauts-de-Seine 2 B Bagneux
63%
Hauts-de-Seine 1 C Châtillon
63%
Seine-Saint-Denis 3 S Saint-Ouen-sur-Seine
63%
Seine-Saint-Denis 3 R Rosny-sous-Bois
60%
Val-de-Marne 1 T Thiais
60%
Val-de-Marne 2 L Le Kremlin-Bicêtre
56%
Seine-Saint-Denis 1 R Romainville
56%
Val-de-Marne 2 V Saint-Mandé
56%
Val-de-Marne 1 G Gentilly
53%
Seine-Saint-Denis 2 N Noisy-le-Sec
49%
Val-de-Marne 1 L L'Haÿ-les-Roses
44%
Val-de-Marne 2 C Chevilly-Larue
42%
Essonne 1 P Paray-Vieille-Poste
42%
Aucun quiz correspondant
Distribution des résultats
% des personnes avec chaque résultat
Percentile par nombre de réponses
Votre historique - résultats
Vous n’avez pas pris ce quiz